Statistiche per Quiz Cultura Generale - Quiz n°45

Clicka qui per fare il quiz!

Statistiche generali

  • Questo quiz è stato fatto 113 volte
  • Il punteggio medio è 9 su 15

Statistiche sulle risposte

DomandaRisposta% Corretto
Qual è il testo sacro della religione cristiana?La Sacra Bibbia
99%
Che animale è Baloo nel film Disney "Il libro della giungla"?Orso
88%
A quanto corrisponde il 30% di 150 ?45
80%
Qual è la capitale del Canada?Ottawa
74%
Qual è il participio passato del verbo "porgere"Porto
69%
In quale regione si trova il punto più a nord d'Italia?Trentino-Alto Adige
68%
Come si traduce il termine inglese "nightmare"?Incubo
61%
Oltre a Danimarca e isole Fær Øer, quale altra nazione costituiva appartiene al Regno di Danimarca?Groenlandia
58%
Chi ha scritto "La pioggia nel pineto"?Gabriele D'Annunzio
57%
Quale salume italiano di manzo è tipico della Valtellina?Bresaola
56%
Quale squadra ha vinto la UEFA Champions League nella stagione 2019-2020?Bayern Monaco
48%
Chi è, in alcune chiese cristiane, il responsabile di una diocesi?Vescovo
47%
Quale riconoscimento cinematografico italiano è ispirato ad una statua bronzea rinascimentale?David di Donatello
43%
Chi ha scritto il "Barone rampante" nel 1957?Italo Calvino
43%
Chi ha pubblicato il libro "Le mie prigioni" nel 1832?Silvio Pellico
26%

Distribuzione punteggi

Percentile per numero di risposta

Percentuale di utenti per punteggio

I tuoi punteggi nel tempo

Non hai fatto questo quiz